| 000 | 00754nam a22002297a 4500 | ||
|---|---|---|---|
| 003 | OSt | ||
| 005 | 20131118180744.0 | ||
| 008 | 130613s2009 sp ||||| |||| 00| 0 spa d | ||
| 020 | _a9788483078891 | ||
| 040 | _cCDMR | ||
| 100 | 1 |
_93763 _aEspinosa Maestre, Francisco _d1954- |
|
| 245 | 1 | 0 |
_aCallar al mensajero _b: la represión franquista, entre la libertad de información y el derecho al honor _cFrancisco Espinosa Maestre |
| 260 |
_aBarcelona _bPenínsula _c2009 |
||
| 300 | _a252 p. | ||
| 490 | 0 |
_aAtalaya _v360 |
|
| 650 | 0 | 4 |
_93312 _aFranquisme |
| 650 | 0 | 4 |
_92723 _aCensura |
| 650 | 0 | 4 |
_92767 _aPeriodistes _xSituació legal, lleis, etc |
| 650 | 0 | 4 |
_94150 _aLlibertat d'impremta _zEspanya |
| 650 | 0 | 4 |
_93170 _aPersecucions polítiques |
| 942 |
_2udc _cMON |
||
| 999 |
_c6455 _d6455 |
||